Les prénoms terminés par le son A parmi les 100 plus donnés - Statistiques

Statistiques générales
  • Ce quiz a été pris 785 fois
  • Le résultat moyen est 17 sur 47
Statistiques - réponses
Sexe Indice Prénom % Correct
Fille Anne en Italie Anna
89%
Fille Prénom latin Julia
75%
Fille Diminutif d'Elisabeth Elisa
72%
Fille Diminutif d'Emmanuelle Emma
71%
Fille Laure en Italien Laura
69%
Fille Lune Luna
68%
Fille Diminutif d'Elisabeth Lisa
66%
Fille Lionne Léa
63%
Fille Diminutif d'Adeline Lina
57%
Fille Hélène en Italien Elena
55%
Fille Lionne Léana
55%
Garçon Dérivé de Luc Lucas
55%
Fille Dérivé d'Hélène Léna
50%
Fille Dérivé d'Hélène Lena
50%
Fille Lune Louna
48%
Fille Prénom biblique Sara
48%
Fille Brillante Clara
44%
Fille Dérivé de Dolorès Lola
38%
Fille Prénom hébreux Eva
37%
Fille Aussi capitale Sofia
34%
Fille Julie en Italie Giulia
32%
Fille Reine d'Angleterre Victoria
32%
Fille De noble lignée Alicia
29%
Fille Diminutif d'Elisabeth Elsa
29%
Fille Dérivé de Myriam Mia
28%
Fille Eclat du soleil Lana
26%
Fille Lys Lila
26%
Fille Arbre de paix Olivia
26%
Fille Prénom espagnol Mila
25%
Fille Dérivé de Marie Maya
24%
Fille Prénom biblique Sarah
24%
Fille Ciel Célia
23%
Fille Dérivé de Hannah Nina
21%
Fille Déesse Théa
19%
Garçon Apôtre Thomas
18%
Fille Lionne Lya
17%
Fille Miel Mélina
17%
Garçon Consolateur Noa
17%
Garçon Diminutif d'Alexandre Sacha
16%
Fille Vautour Aya
14%
Fille Prénom arabe Inaya
13%
Garçon Dérivé de Luc Louka
13%
Fille Dérivé de Marie Mya
13%
Fille Qui soigne Assia
12%
Fille Messagère Lyna
9%
Garçon Consolateur Noah
9%
Fille Lionne Lyana
7%
Aucun quiz correspondant
Distribution des résultats
% des personnes avec chaque résultat
Percentile par nombre de réponses
Votre historique - résultats
Vous n’avez pas pris ce quiz